| 000 | 00767cam a2200253 4500 | ||
|---|---|---|---|
| 001 | ABS62842 | ||
| 008 | 000000n2000 000 0 eng u | ||
| 035 | _a(Sirsi) u108541 | ||
| 245 | _aRegional survey: Berkshire | ||
| 260 | _c2000 | ||
| 490 |
_aProperty Week _v65(33) 8 September 2000, 49-92(14) |
||
| 590 | _aABS | ||
| 650 | _aBERKSHIRE | ||
| 650 | _aTHAMES VALLEY | ||
| 650 | _aREADING | ||
| 650 | _aBRACKNELL | ||
| 650 | _aBUSINESS PARKS | ||
| 650 | _aPROPERTY-COMMERCIAL PROPERTY-OFFICE PROPERTY-OFFICE PROPERTY MARKET | ||
| 650 | _aINDUSTRIAL MARKET | ||
| 650 | _aMAIDENHEAD | ||
| 650 | _aPROPERTY-COMMERCIAL PROPERTY-RETAIL PROPERTY-RETAIL PROPERTY MARKET | ||
| 650 | _aPROPERTY-COMMERCIAL PROPERTY-COMMERCIAL PROPERTY MARKET | ||
| 942 | _n0 | ||
| 999 |
_c64812 _d64812 |
||